Japan in the 21st century (Record no. 1114603)

MARC details
000 -LEADER
fixed length control field 00716nam a2200253Ia 4500
003 - CONTROL NUMBER IDENTIFIER
control field OSt
005 - DATE AND TIME OF LATEST TRANSACTION
control field 20221006160828.0
008 - FIXED-LENGTH DATA ELEMENTS--GENERAL INFORMATION
fixed length control field 221006b |||||||| |||| 00| 0 eng d
020 ## - INTERNATIONAL STANDARD BOOK NUMBER
International Standard Book Number 9780813191188
037 ## - SOURCE OF ACQUISITION
Terms of availability Textual
040 ## - CATALOGING SOURCE
Original cataloging agency EASL
Transcribing agency EASL
Language of cataloging eng
041 ## - LANGUAGE CODE
Source of code eng
Language code of text/sound track or separate title eng
100 ## - MAIN ENTRY--PERSONAL NAME
Personal name KARAN Pradyumna P.
9 (RLIN) 274865
245 #0 - TITLE STATEMENT
Title Japan in the 21st century
Remainder of title Environment, economy,and society
260 ## - PUBLICATION, DISTRIBUTION, ETC.
Place of publication, distribution, etc. Kentucky
Name of publisher, distributor, etc. The University Press of Kentucky U.S. A
Date of publication, distribution, etc. 2005
300 ## - PHYSICAL DESCRIPTION
Extent 401p.
Dimensions cm.
490 ## - SERIES STATEMENT
Volume/sequential designation JEL
942 ## - ADDED ENTRY ELEMENTS (KOHA)
Classification part V42.P00, P5-;1
Koha item type Textual
Source of classification or shelving scheme Colon Classification (CC)
Holdings
Withdrawn status Lost status Source of classification or shelving scheme Damaged status Not for loan Home library Current library Date acquired Serial Enumeration / chronology Total Checkouts Full call number Barcode Date last seen Price effective from Koha item type
    Colon Classification (CC)     Department of East Asian Studies Library Department of East Asian Studies Library 2022-10-06 JEL   V42.P00 P5-;1 EA1603824 2022-10-06 2022-10-06 Textual
Copyright @ Delhi University Library System